| 000 | 00669cam a22002051 4500 | ||
|---|---|---|---|
| 001 | ne 62000290 | ||
| 003 | DLC | ||
| 005 | 20260227111734.0 | ||
| 008 | 900823s1933 tu 000 0 tur | ||
| 010 | _ane 62000290 | ||
| 035 | _a(OCoLC)22262746 | ||
| 040 |
_aDLC _cCLU _dOCoLC _dDLC |
||
| 050 | 0 | 0 |
_aPL248.G4 _bZ65 |
| 100 | 1 | _aErgun, Sadettin Nüzhet. | |
| 245 | 0 | 0 |
_aXIX uncu asır sazşairlerinden Beşiktaşʼlı Gedaı̂. _c[Hazırlıyan] Sadettin Nüzhet. |
| 246 | 3 | _aOndokuzuncu asır sazşairlerinden Beşiktaşʼlı Gedaı̂ | |
| 260 |
_a[İstanbul] _bSühulet Kütüphanesi _c[1933?] |
||
| 300 |
_a106 p. _c20 cm. |
||
| 700 | 0 |
_aGedaı, _d-approximately 1889. |
|
| 999 |
_c45029 _d45029 |
||